[Event "Muensterland Verbandsliga 1718"]
[Site "Germany"]
[Date "2018.03.03"]
[Round "7.4"]
[White "Nolting, Bodo"]
[Black "Hedwig, Johannes"]
[Result "1/2-1/2"]
[WhiteElo "1735"]
[BlackElo "1787"]
[PlyCount "61"]
[EventDate "2017.09.09"]
[EventType "team-tourn"]
[EventRounds "9"]
[EventCountry "GER"]
[SourceTitle "EXT 2019"]
[Source "ChessBase"]
[SourceDate "2018.10.10"]
[SourceVersion "1"]
[SourceVersionDate "2018.10.10"]
[SourceQuality "1"]
[WhiteTeam "Duelmen"]
[BlackTeam "Emsdetten Rochade II"]
[WhiteTeamCountry "GER"]
[BlackTeamCountry "GER"]

1. e4 c6 2. d4 d5 3. Nc3 dxe4 4. Nxe4 Bf5 5. Ng3 Bg6 6. Nf3 e6 7. h4 h6 8. h5 Bh7 9. Bd3 Bxd3 10. Qxd3 Nf6 11. Bd2 Nbd7 12. 0-0-0 Qc7 13. Qe2 0-0-0 14. Ne5 Nxe5 15. dxe5 Nd5 16. f4 Nb4 17. a3 Nd5 18. c4 Nb6 19. Ba5 Rxd1+ 20. Rxd1 f5 21. Qf2 c5 22. Ne2 Qc6 23. Nc3 Be7 24. Nb5 Kb8 25. Bxb6 axb6 26. Qc2 Rd8 27. Rxd8+ Bxd8 28. Qa4 Qxg2 29. Qa7+ Kc8 30. Nd6+ Kd7 31. Nxb7 1/2-1/2

[Event "Muensterland Verbandsliga 1718"]
[Site "Germany"]
[Date "2018.02.10"]
[Round "6.3"]
[White "Nolting, Bodo"]
[Black "Arning, Marcus"]
[Result "0-1"]
[WhiteElo "1735"]
[BlackElo "1893"]
[PlyCount "36"]
[EventDate "2017.09.09"]
[EventType "team-tourn"]
[EventRounds "9"]
[EventCountry "GER"]
[SourceTitle "EXT 2019"]
[Source "ChessBase"]
[SourceDate "2018.10.10"]
[SourceVersion "1"]
[SourceVersionDate "2018.10.10"]
[SourceQuality "1"]
[WhiteTeam "Duelmen"]
[BlackTeam "Steinfurt"]
[WhiteTeamCountry "GER"]
[BlackTeamCountry "GER"]

1. e4 e5 2. Nf3 Nc6 3. d4 exd4 4. Bc4 Nf6 5. 0-0 Nxe4 6. Re1 d5 7. Bxd5 Qxd5 8. Nc3 Qd8 9. Nxe4 Be7 10. Bg5 f6 11. Nxf6+ gxf6 12. Bxf6 0-0 13. Bxe7 Nxe7 14. Qe2 Nc6 15. Qc4+ Kh8 16. Rad1 Bg4 17. Nxd4 Bxd1 18. Ne6 Qd2 0-1

[Event "Muensterland Verbandsliga 1718"]
[Site "Germany"]
[Date "2017.12.09"]
[Round "4.4"]
[White "Nolting, Bodo"]
[Black "Sicking, Norbert"]
[Result "1/2-1/2"]
[WhiteElo "1735"]
[BlackElo "1801"]
[PlyCount "21"]
[EventDate "2017.09.09"]
[EventType "team-tourn"]
[EventRounds "9"]
[EventCountry "GER"]
[SourceTitle "EXT 2019"]
[Source "ChessBase"]
[SourceDate "2018.10.10"]
[SourceVersion "1"]
[SourceVersionDate "2018.10.10"]
[SourceQuality "1"]
[WhiteTeam "Duelmen"]
[BlackTeam "Heiden"]
[WhiteTeamCountry "GER"]
[BlackTeamCountry "GER"]

1. e4 d6 2. d4 Nd7 3. f4 g6 4. Nc3 Bg7 5. Nf3 c6 6. Bd3 e5 7. Be3 Ne7 8. dxe5 dxe5 9. f5 Nb6 10. fxg6 hxg6 11. 0-0 1/2-1/2

[Event "Muensterland Verbandsliga 1718"]
[Site "Germany"]
[Date "2017.09.09"]
[Round "1.3"]
[White "Nolting, Bodo"]
[Black "Schroer, Klaus"]
[Result "0-1"]
[WhiteElo "1735"]
[BlackElo "2000"]
[PlyCount "36"]
[EventDate "2017.09.09"]
[EventType "team-tourn"]
[EventRounds "9"]
[EventCountry "GER"]
[SourceTitle "EXT 2019"]
[Source "ChessBase"]
[SourceDate "2018.10.10"]
[SourceVersion "1"]
[SourceVersionDate "2018.10.10"]
[SourceQuality "1"]
[WhiteTeam "Duelmen"]
[BlackTeam "Borken"]
[WhiteTeamCountry "GER"]
[BlackTeamCountry "GER"]

1. e4 e5 2. Nf3 Nc6 3. d4 exd4 4. Bc4 Bc5 5. c3 d6 6. cxd4 Bb6 7. h3 Nf6 8. Nc3 Nxe4 9. 0-0 0-0 10. Nxe4 d5 11. Neg5 dxc4 12. Qc2 g6 13. Qxc4 Nxd4 14. Ne5 Qf6 15. Ng4 Bxg4 16. hxg4 Rae8 17. Be3 Ne2+ 18. Qxe2 Qxg5 0-1

[Event "Muensterland Verbandsklasse-A 1011"]
[Site "Germany"]
[Date "2011.03.12"]
[Round "8.3"]
[White "Nolting, Bodo"]
[Black "Steffens, Gerd"]
[Result "1/2-1/2"]
[WhiteElo "1805"]
[BlackElo "1779"]
[PlyCount "34"]
[EventDate "2010.09.18"]
[EventType "team-tourn"]
[EventRounds "9"]
[EventCountry "GER"]
[SourceTitle "EXT 2012"]
[Source "ChessBase"]
[SourceDate "2011.11.24"]
[SourceVersion "1"]
[SourceVersionDate "2011.11.24"]
[SourceQuality "1"]
[WhiteTeam "Duelmen"]
[BlackTeam "Olfen"]
[WhiteTeamCountry "GER"]
[BlackTeamCountry "GER"]

1. f4 b6 2. Nf3 Bb7 3. e3 e6 4. b3 f5 5. Bb2 Nf6 6. Be2 Be7 7. 0-0 h6 8. Ne5 0-0 9. Bf3 d5 10. c4 Nbd7 11. Ng6 Rf7 12. Qe1 Ne4 13. d3 Bf6 14. d4 Kh7 15. Bh5 Nf8 16. Ne5 Re7 17. cxd5 g6 1/2-1/2

[Event "Muensterland Verbandsklasse-A 1011"]
[Site "Germany"]
[Date "2010.12.11"]
[Round "4.5"]
[White "Kloster, Daniel"]
[Black "Nolting, Bodo"]
[Result "1/2-1/2"]
[WhiteElo "1641"]
[BlackElo "1805"]
[PlyCount "46"]
[EventDate "2010.09.18"]
[EventType "team-tourn"]
[EventRounds "9"]
[EventCountry "GER"]
[SourceTitle "EXT 2012"]
[Source "ChessBase"]
[SourceDate "2011.11.24"]
[SourceVersion "1"]
[SourceVersionDate "2011.11.24"]
[SourceQuality "1"]
[WhiteTeam "Stadtlohn"]
[BlackTeam "Duelmen"]
[WhiteTeamCountry "GER"]
[BlackTeamCountry "GER"]

1. d4 Nf6 2. Nf3 d5 3. Bf4 Bf5 4. e3 e6 5. Nbd2 Bd6 6. Bxd6 Qxd6 7. c3 Nbd7 8. Be2 0-0 9. 0-0 Bg6 10. Re1 c5 11. h3 Qb6 12. Qb3 c4 13. Qxb6 axb6 14. Nh4 b5 15. Nxg6 hxg6 16. Bd1 Nb6 17. e4 dxe4 18. Nxe4 Nxe4 19. Rxe4 Nd5 20. Bf3 b4 21. cxb4 Nxb4 22. a3 Nd5 23. Re5 Rfd8 1/2-1/2

[Event "Muensterland Verbandsklasse-A 1011"]
[Site "Germany"]
[Date "2010.09.18"]
[Round "1.6"]
[White "Noering, Andreas"]
[Black "Nolting, Bodo"]
[Result "1/2-1/2"]
[WhiteElo "1805"]
[BlackElo "1805"]
[PlyCount "57"]
[EventDate "2010.09.18"]
[EventType "team-tourn"]
[EventRounds "9"]
[EventCountry "GER"]
[SourceTitle "EXT 2012"]
[Source "ChessBase"]
[SourceDate "2011.11.24"]
[SourceVersion "1"]
[SourceVersionDate "2011.11.24"]
[SourceQuality "1"]
[WhiteTeam "Emsdetten Rochade"]
[BlackTeam "Duelmen"]
[WhiteTeamCountry "GER"]
[BlackTeamCountry "GER"]

1. e4 e5 2. Nf3 Nf6 3. Nxe5 d6 4. Nf3 Nxe4 5. d4 d5 6. Bd3 Be7 7. 0-0 Bg4 8. c4 Nc6 9. Nc3 Nxc3 10. bxc3 0-0 11. Rb1 Rb8 12. h3 Bh5 13. Rb5 Bxf3 14. Qxf3 dxc4 15. Bxc4 Bf6 16. Be3 a6 17. Rb2 Qd7 18. Bd5 Nd8 19. Bf4 b5 20. Re2 Ne6 21. Bxe6 fxe6 22. Qg4 Rbe8 23. Rfe1 Kf7 24. Bc1 Qd6 25. Qe4 Kg8 26. Bf4 Qb6 27. Be5 Bxe5 28. Qxe5 Qc6 29. Qe3 1/2-1/2

[Event "Muensterland Verbandsklasse-A 0910"]
[Site "Germany"]
[Date "2010.02.20"]
[Round "7.5"]
[White "Boesel, Alexander"]
[Black "Nolting, Bodo"]
[Result "1-0"]
[WhiteElo "1858"]
[BlackElo "1842"]
[PlyCount "55"]
[EventDate "2009.09.19"]
[EventType "team-tourn"]
[EventRounds "9"]
[EventCountry "GER"]
[SourceTitle "EXT 2011"]
[Source "ChessBase"]
[SourceDate "2010.11.26"]
[SourceVersion "1"]
[SourceVersionDate "2010.11.26"]
[SourceQuality "1"]
[WhiteTeam "Olfen"]
[BlackTeam "Duelmen"]
[WhiteTeamCountry "GER"]
[BlackTeamCountry "GER"]

1. d4 Nf6 2. c4 e5 3. d5 Bb4+ 4. Bd2 Bxd2+ 5. Nxd2 d6 6. g3 0-0 7. Bg2 b6 8. Qc2 h6 9. Ngf3 Bg4 10. h3 Bxf3 11. exf3 a5 12. h4 Nh7 13. Bh3 Nd7 14. Bf5 g6 15. Bxg6 fxg6 16. Qxg6+ Kh8 17. Qxh6 Nc5 18. Qe3 Qf6 19. g4 e4 20. fxe4 Qxb2 21. Rb1 Qe5 22. f3 Qg3+ 23. Ke2 Qg2+ 24. Qf2 Qxf2+ 25. Kxf2 Rf4 26. Ke3 Raf8 27. g5 Kg7 28. Rbg1 1-0

[Event "Muensterland Verbandsklasse-A 0607"]
[Site "Germany"]
[Date "2007.04.21"]
[Round "8.7"]
[White "Ter Veen, Michael"]
[Black "Nolting, Bodo"]
[Result "0-1"]
[WhiteElo "1771"]
[BlackElo "1753"]
[PlyCount "74"]
[EventDate "2006.09.23"]
[EventType "team"]
[EventRounds "9"]
[EventCountry "GER"]
[SourceTitle "EXT 2008"]
[Source "ChessBase"]
[SourceDate "2007.11.25"]
[SourceVersion "1"]
[SourceVersionDate "2007.11.25"]
[SourceQuality "1"]
[WhiteTeam "Muenster Indische Dame"]
[BlackTeam "Duelmen"]
[WhiteTeamCountry "GER"]
[BlackTeamCountry "GER"]

1. d4 Nf6 2. c4 e5 3. d5 Bb4+ 4. Bd2 Bxd2+ 5. Nxd2 d6 6. e4 0-0 7. Be2 a5 8. Ngf3 Nbd7 9. Qc2 Nc5 10. 0-0 h6 11. Rfb1 Nh7 12. b4 axb4 13. Rxb4 f5 14. Bd3 f4 15. Nb3 Nxb3 16. Qxb3 b6 17. a4 g5 18. h3 h5 19. a5 bxa5 20. Rb8 Rxb8 21. Qxb8 g4 22. hxg4 hxg4 23. Nd2 Nf6 24. Rxa5 Nd7 25. Qa7 Nc5 26. Rxc5 dxc5 27. Qxc5 Qd6 28. Qa5 g3 29. c5 Qh6 30. Nf3 Bg4 31. Be2 Bxf3 32. Bxf3 Rb8 33. Qa2 Qh2+ 34. Kf1 Qh1+ 35. Ke2 Rb1 36. d6+ Kg7 37. Qc2 gxf2 0-1

[Event "Muensterland Verbandsklasse-A 0607"]
[Site "Germany"]
[Date "2007.01.20"]
[Round "5.6"]
[White "Sicking, Norbert"]
[Black "Nolting, Bodo"]
[Result "1/2-1/2"]
[WhiteElo "1764"]
[BlackElo "1753"]
[PlyCount "65"]
[EventDate "2006.09.23"]
[EventType "team"]
[EventRounds "9"]
[EventCountry "GER"]
[SourceTitle "EXT 2008"]
[Source "ChessBase"]
[SourceDate "2007.11.25"]
[SourceVersion "1"]
[SourceVersionDate "2007.11.25"]
[SourceQuality "1"]
[WhiteTeam "Heiden II"]
[BlackTeam "Duelmen"]
[WhiteTeamCountry "GER"]
[BlackTeamCountry "GER"]

1. d4 Nf6 2. g3 d5 3. Bg2 c6 4. Nf3 Bf5 5. 0-0 e6 6. Nbd2 Nbd7 7. c4 Be7 8. Qb3 Qb6 9. c5 Qxb3 10. Nxb3 h6 11. Na5 0-0-0 12. b4 Ne4 13. Re1 Bf6 14. a4 e5 15. e3 exd4 16. exd4 g5 17. Bb2 Rhe8 18. h3 Re6 19. Nb3 Rde8 20. Rab1 h5 21. b5 g4 22. Nh2 gxh3 23. Bxe4 Rxe4 24. Rxe4 Rxe4 25. bxc6 bxc6 26. Bc3 Bg5 27. Re1 Rxe1+ 28. Bxe1 Bc2 29. Nd2 Bxd2 30. Bxd2 Bxa4 31. Nf3 f6 32. Kh2 Bd1 33. Ng1 1/2-1/2

[Event "Muensterland Verbandsklasse-A 0607"]
[Site "Germany"]
[Date "2006.12.09"]
[Round "4.7"]
[White "Koch, Achim"]
[Black "Nolting, Bodo"]
[Result "0-1"]
[WhiteElo "1539"]
[BlackElo "1753"]
[PlyCount "68"]
[EventDate "2006.09.23"]
[EventType "team"]
[EventRounds "9"]
[EventCountry "GER"]
[SourceTitle "EXT 2008"]
[Source "ChessBase"]
[SourceDate "2007.11.25"]
[SourceVersion "1"]
[SourceVersionDate "2007.11.25"]
[SourceQuality "1"]
[WhiteTeam "Metelen"]
[BlackTeam "Duelmen"]
[WhiteTeamCountry "GER"]
[BlackTeamCountry "GER"]

1. e4 e5 2. Nf3 Nf6 3. Nxe5 d6 4. Nf3 Nxe4 5. Bc4 d5 6. Bb3 Bg4 7. Qe2 Be7 8. d3 Nf6 9. h3 Bh5 10. Bf4 0-0 11. 0-0 Nc6 12. c3 Re8 13. Qd1 Bd6 14. Bxd6 Qxd6 15. Nbd2 Ne5 16. Re1 Nxd3 17. Rxe8+ Rxe8 18. Qc2 Bg6 19. Rd1 Nxf2 20. Nc4 Nxd1 21. Nxd6 Bxc2 22. Nxe8 Bxb3 23. Nxf6+ gxf6 24. axb3 Nxb2 25. Kf2 Nd1+ 26. Ke2 Nxc3+ 27. Kd3 Ne4 28. Nd4 a6 29. Nf5 Kf8 30. Kd4 c6 31. b4 Ke8 32. Ke3 Kd7 33. Kf4 b6 34. g4 a5 0-1

[Event "Muenster Bezirksliga 0506"]
[Site "Muenster"]
[Date "2005.11.19"]
[Round "3.1"]
[White "Nolting, Bodo"]
[Black "Hofene, Dieter"]
[Result "0-1"]
[WhiteElo "1808"]
[BlackElo "1931"]
[PlyCount "66"]
[EventDate "2005.09.10"]
[EventType "team"]
[EventRounds "9"]
[EventCountry "GER"]
[SourceTitle "EXT 2007"]
[Source "ChessBase"]
[SourceDate "2006.11.23"]
[SourceVersion "1"]
[SourceVersionDate "2006.11.23"]
[SourceQuality "1"]
[WhiteTeam "Duelmen II"]
[BlackTeam "Beelen"]
[WhiteTeamCountry "GER"]
[BlackTeamCountry "GER"]

1. f4 d6 2. Nf3 g6 3. e4 Bg7 4. d4 Nf6 5. Nc3 c5 6. dxc5 Qa5 7. Bd3 Qxc5 8. Qe2 Nc6 9. e5 dxe5 10. fxe5 Ng4 11. Ne4 Qb6 12. e6 Bxe6 13. c3 0-0 14. Nfg5 Bf5 15. h3 Nge5 16. Bb1 h6 17. g4 Bd7 18. Be3 Qc7 19. Nf3 Nxf3+ 20. Qxf3 Rad8 21. Qe2 Be6 22. 0-0 Ne5 23. b3 b6 24. Bd4 Nc6 25. Bxg7 Kxg7 26. Rf2 Qe5 27. Bd3 Nb4 28. Bc4 Bxc4 29. Qxc4 Nd3 30. Rf3 b5 31. Qc6 Rc8 32. Qd7 Rfd8 33. Qb7 Rc7 0-1